00528nam a2200193 a 4500001001300000003000900013005001700022008004100039020000900080082001600089100002700105245003200132260003800164300000900202500003500211505003100246650003000277700002700307nice12345678IN_TiNIC20260116013734.0050524s1997 dela grp 000 0 eng  ac6000a297.63bQUR aQuraishi, Sultan Ahmad aLetterd of the Holy Prophet aDelhibIslamic Book Servicec1997 a163p aincludes index and biblioraphy2 aNotes, Bibliography, Index aMuhammad, Prophet-Letters1 aQuraishi, Sultan Ahmad